000 01243cam a2200229 4500
001 ##L135524
008 061106n2006 000 0 eng u
035 _a(Sirsi) u135524
041 0 _aeng
050 0 4 _a333.72 $2 18
110 1 _aUnited Kingdom
_bDepartment of Trade and Industry
245 0 0 _aReview of sustainable construction 2006
_h[electronic resource]
260 _a[S.l.]
_bDTI
_c2006
505 1 _aThe people agenda -- Managing the environment and resources -- Government procurement -- Overseas dimension -- Initiatives -- Industry involvement -- The future
520 _aSets out current government policy and industry initiatives related to sustainable construction. Also aims to encourage industry to propose its own targets and provide an effective foundation to guide future government policies. Builds upon government's principles of sustainable development.
520 _aSupersedes "Building a better quality of life: a strategy for more sustainable construction" (E09455).
590 _aIKA141106 NTK
651 4 _aUnited Kingdom
_y
690 _aBUILT ENVIRONMENT-SUSTAINABLE CONSTRUCTION
856 4 0 _uhttps://www.dti.gov.uk/files/file34979.pdf
_zView the item free of charge at www.dti.gov.uk
942 _n0
999 _c106086
_d106086